Дело о службе состоявшего в ведомстве Театральной дирекции, умершего капельдинера Антона Кожанинова

Доступно только в Электронных читальных залах Найти на картеНа карте
RUSMARC
00003784nmc2a22000003x 450
0014661860c-2439-4417-97a4-bea57d43aab1
00520181228160456.0
100##$a20170703l18491856k l0rusy0189 ca
1010#$arus
102##$aRU
2001#$aДело о службе состоявшего в ведомстве Театральной дирекции, умершего капельдинера Антона Кожанинова
$j26 сентября 1849 г. - 1 января 1856 г.
251##$cДело
300##$aПо Санкт-Петербургской дирекции за 1849 год
300##$aДело
801#0$aRU
$bРГИА
$c20170703
$gRCR
801#1$aRU
$bГлавНИВЦ
$c20170703
$2rusmarc
801#2$aRU
$bПБ им. Б.Н. Ельцина
$c20181228
$gRCR
$2rusmarc
850##$aРГИА
852##$aРГИА
$eФедеральное казенное учреждение "Российский государственный исторический архив" (РГИА)
$j12097
937##$hРГИА
$d12246063
$aASBIBLIO_SCAN
462#0$1001dd3991dc-24e1-42ec-8838-ca4255420416
$12001
$aДирекция императорских театров (1746-1850 гг.)
$1251
$cОпись
$1852
$j1
461#0$10019264ebf8-de62-4f1a-9eb4-9f22098dbbd5
$12001
$aДирекция императорских театров Министерства императорского двора
$1251
$cФонд
$1852
$j497
215##$a47 л.
$d36,5х26 см
371##$aДокумент не является опубликованным и широко распространяемым
105##$ay###
1222#$ad
035##$a4661860c-2439-4417-97a4-bea57d43aab1
856##$uhttp://readingroom.main.prlib.ru/item.aspx?id_node=n122657825&mode=full
Формат отображения